<?xml version="1.0" encoding="UTF-8"?>
<record
    xmlns:xsi="http://www.w3.org/2001/XMLSchema-instance"
    xsi:schemaLocation="http://www.loc.gov/MARC21/slim http://www.loc.gov/standards/marcxml/schema/MARC21slim.xsd"
    xmlns="http://www.loc.gov/MARC21/slim">

  <leader>01660nam0a2200385   4500</leader>
  <controlfield tag="001">RU\NLR\bibl\508178</controlfield>
  <controlfield tag="005">20250609141905.0</controlfield>
  <datafield tag="010" ind1=" " ind2=" ">
    <subfield code="a">5-88880-114-3</subfield>
    <subfield code="9">5000</subfield>
  </datafield>
  <datafield tag="021" ind1=" " ind2=" ">
    <subfield code="a">RU</subfield>
    <subfield code="b">2003-75351</subfield>
    <subfield code="9">3727</subfield>
  </datafield>
  <datafield tag="035" ind1=" " ind2=" ">
    <subfield code="a">RSL-KNO-002397941</subfield>
  </datafield>
  <datafield tag="035" ind1=" " ind2=" ">
    <subfield code="a">(NLR Aleph) 000500704</subfield>
  </datafield>
  <datafield tag="090" ind1=" " ind2=" ">
    <subfield code="a">1171749</subfield>
    <subfield code="c">1171749</subfield>
  </datafield>
  <datafield tag="100" ind1=" " ind2=" ">
    <subfield code="a">20040114d2003    |||y0rusy50      ca</subfield>
  </datafield>
  <datafield tag="101" ind1="0" ind2=" ">
    <subfield code="a">rus</subfield>
  </datafield>
  <datafield tag="102" ind1=" " ind2=" ">
    <subfield code="a">RU</subfield>
  </datafield>
  <datafield tag="105" ind1=" " ind2=" ">
    <subfield code="a">a   |||||||||</subfield>
  </datafield>
  <datafield tag="106" ind1=" " ind2=" ">
    <subfield code="a">r</subfield>
  </datafield>
  <datafield tag="200" ind1="1" ind2=" ">
    <subfield code="a">&#x41F;&#x43E;&#x434;&#x440;&#x43E;&#x441;&#x442;&#x43A;&#x438; &#x438; &#x43D;&#x430;&#x440;&#x43A;&#x43E;&#x442;&#x438;&#x43A;&#x438;: &#x43E;&#x43F;&#x44B;&#x442; &#x438;&#x441;&#x441;&#x43B;&#x435;&#x434;&#x43E;&#x432;&#x430;&#x43D;&#x438;&#x44F;</subfield>
    <subfield code="f">&#x415;.&#x41B;. &#x41E;&#x43C;&#x435;&#x43B;&#x44C;&#x447;&#x435;&#x43D;&#x43A;&#x43E;</subfield>
    <subfield code="g">&#x41C;-&#x432;&#x43E; &#x43E;&#x431;&#x440;&#x430;&#x437;&#x43E;&#x432;&#x430;&#x43D;&#x438;&#x44F; &#x420;&#x43E;&#x441;. &#x424;&#x435;&#x434;&#x435;&#x440;&#x430;&#x446;&#x438;&#x438;</subfield>
  </datafield>
  <datafield tag="210" ind1=" " ind2=" ">
    <subfield code="a">&#x41C;.</subfield>
    <subfield code="c">&#x413;&#x415;&#x41D;&#x416;&#x415;&#x420;</subfield>
    <subfield code="d">2003</subfield>
    <subfield code="e">&#x41E;&#x410;&#x41E; &#x429;&#x435;&#x440;&#x431;&#x438;&#x43D;&#x441;&#x43A;&#x430;&#x44F; &#x442;&#x438;&#x43F;.</subfield>
  </datafield>
  <datafield tag="215" ind1=" " ind2=" ">
    <subfield code="a">155 &#x441;.</subfield>
    <subfield code="c">&#x438;&#x43B;.</subfield>
    <subfield code="d">21</subfield>
  </datafield>
  <datafield tag="225" ind1="1" ind2=" ">
    <subfield code="a">&#x412; &#x43F;&#x43E;&#x43C;&#x43E;&#x449;&#x44C; &#x43E;&#x431;&#x440;&#x430;&#x437;&#x43E;&#x432;&#x430;&#x442;&#x435;&#x43B;&#x44C;&#x43D;&#x43E;&#x43C;&#x443; &#x443;&#x447;&#x440;&#x435;&#x436;&#x434;&#x435;&#x43D;&#x438;&#x44E;: "&#x41F;&#x440;&#x43E;&#x444;&#x438;&#x43B;&#x430;&#x43A;&#x442;&#x438;&#x43A;&#x430; &#x437;&#x43B;&#x43E;&#x443;&#x43F;&#x43E;&#x442;&#x440;&#x435;&#x431;&#x43B;&#x435;&#x43D;&#x438;&#x44F; &#x43F;&#x441;&#x438;&#x445;&#x43E;&#x430;&#x43A;&#x442;&#x438;&#x432;&#x43D;&#x44B;&#x43C;&#x438; &#x432;&#x435;&#x449;&#x435;&#x441;&#x442;&#x432;&#x430;&#x43C;&#x438;"</subfield>
    <subfield code="f">&#x421;&#x43E;&#x441;&#x442;.: &#x413;.&#x41D;. &#x422;&#x440;&#x43E;&#x441;&#x442;&#x430;&#x43D;&#x435;&#x446;&#x43A;&#x430;&#x44F;, &#x410;.&#x410;. &#x413;&#x435;&#x440;&#x438;&#x448;, &#x43A;.&#x43C;.&#x43D;.</subfield>
  </datafield>
  <datafield tag="300" ind1=" " ind2=" ">
    <subfield code="a">&#x41D;&#x430; &#x43E;&#x431;&#x43B;. &#x430;&#x432;&#x442;. &#x43D;&#x435; &#x443;&#x43A;&#x430;&#x437;&#x430;&#x43D;</subfield>
  </datafield>
  <datafield tag="320" ind1=" " ind2=" ">
    <subfield code="a">&#x411;&#x438;&#x431;&#x43B;&#x438;&#x43E;&#x433;&#x440;.: &#x441;. 149-154</subfield>
  </datafield>
  <datafield tag="606" ind1="0" ind2=" ">
    <subfield code="a">&#x41D;&#x430;&#x440;&#x43A;&#x43E;&#x43C;&#x430;&#x43D;&#x438;&#x44F; &#x443; &#x43F;&#x43E;&#x434;&#x440;&#x43E;&#x441;&#x442;&#x43A;&#x43E;&#x432;</subfield>
    <subfield code="x">&#x41F;&#x440;&#x43E;&#x444;&#x438;&#x43B;&#x430;&#x43A;&#x442;&#x438;&#x43A;&#x430;</subfield>
    <subfield code="9">1735775</subfield>
    <subfield code="3">RU\NLR\auth\66776237</subfield>
  </datafield>
  <datafield tag="606" ind1="0" ind2=" ">
    <subfield code="a">&#x41D;&#x430;&#x440;&#x43A;&#x43E;&#x43C;&#x430;&#x43D;&#x438;&#x44F; &#x43F;&#x43E;&#x434;&#x440;&#x43E;&#x441;&#x442;&#x43A;&#x43E;&#x432;</subfield>
    <subfield code="x">&#x41F;&#x440;&#x43E;&#x444;&#x438;&#x43B;&#x430;&#x43A;&#x442;&#x438;&#x43A;&#x430;</subfield>
    <subfield code="9">2115350</subfield>
    <subfield code="3">RU\NLR\auth\661277979</subfield>
  </datafield>
  <datafield tag="686" ind1=" " ind2=" ">
    <subfield code="a">&#x420;733.645.1-8</subfield>
  </datafield>
  <datafield tag="686" ind1=" " ind2=" ">
    <subfield code="a">&#x421;550.8</subfield>
  </datafield>
  <datafield tag="686" ind1=" " ind2=" ">
    <subfield code="a">&#x421;550.325.2</subfield>
  </datafield>
  <datafield tag="700" ind1=" " ind2="1">
    <subfield code="a">&#x41E;&#x43C;&#x435;&#x43B;&#x44C;&#x447;&#x435;&#x43D;&#x43A;&#x43E;</subfield>
    <subfield code="b">&#x415;. &#x41B;.</subfield>
    <subfield code="g">&#x415;&#x43B;&#x435;&#x43D;&#x430; &#x41B;&#x435;&#x43E;&#x43D;&#x438;&#x434;&#x43E;&#x432;&#x43D;&#x430;</subfield>
    <subfield code="4">070</subfield>
  </datafield>
  <datafield tag="801" ind1=" " ind2="0">
    <subfield code="a">RU</subfield>
    <subfield code="b">RuMoRKP</subfield>
    <subfield code="c">20040114</subfield>
    <subfield code="g">PSBO</subfield>
  </datafield>
  <datafield tag="801" ind1=" " ind2="1">
    <subfield code="a">RU</subfield>
    <subfield code="b">RuMoRKP</subfield>
    <subfield code="c">20040114</subfield>
  </datafield>
  <datafield tag="801" ind1=" " ind2="2">
    <subfield code="a">RU</subfield>
    <subfield code="b">NLR</subfield>
    <subfield code="c">20040406</subfield>
    <subfield code="g">PSBO</subfield>
  </datafield>
  <datafield tag="942" ind1=" " ind2=" ">
    <subfield code="c">BOOK</subfield>
  </datafield>
  <datafield tag="980" ind1=" " ind2=" ">
    <subfield code="a">NB</subfield>
  </datafield>
  <datafield tag="995" ind1=" " ind2=" ">
    <subfield code="5">2004-04-06</subfield>
    <subfield code="a">ad</subfield>
    <subfield code="b">NLR01</subfield>
    <subfield code="c">NLR01</subfield>
    <subfield code="e">RF3</subfield>
    <subfield code="f">1-88437</subfield>
    <subfield code="k">2004-3/7356</subfield>
    <subfield code="o">0</subfield>
    <subfield code="r">BOOK</subfield>
    <subfield code="s">200437356_</subfield>
  </datafield>
  <datafield tag="995" ind1=" " ind2=" ">
    <subfield code="5">2004-04-06</subfield>
    <subfield code="a">ad</subfield>
    <subfield code="b">NLR01</subfield>
    <subfield code="c">NLR01</subfield>
    <subfield code="e">RF3</subfield>
    <subfield code="f">665557</subfield>
    <subfield code="k">2004-3/7356</subfield>
    <subfield code="o">0</subfield>
    <subfield code="r">BOOK</subfield>
    <subfield code="s">200437356_</subfield>
  </datafield>
</record>
